Расчет коррозионных токов для модели заземляющей системы; Известия Томского политехнического университета [Известия ТПУ]; Т. 307, № 3
| Parent link: | Известия Томского политехнического университета [Известия ТПУ]/ Томский политехнический университет (ТПУ).— , 2000- Т. 307, № 3.— 2004.— [С. 109-113] |
|---|---|
| その他の著者: | , , , |
| 要約: | Заглавие с титульного листа Электронная версия печатной публикации Рассматриваются расчетные модели коррозионных токов и потенциалов (напряжений), возникающих при грунтовой (электрохимической) коррозии подземного сооружения, состоящего из металлически связанных между собой горизонтальных и вертикальных линейных элементов с учетом сопротивлений поляризации элементов, их сопротивления растеканию и взаимных сопротивлений. |
| 言語: | ロシア語 |
| 出版事項: |
2004
|
| シリーズ: | Технические науки |
| 主題: | |
| オンライン・アクセス: | http://www.lib.tpu.ru/fulltext/v/Bulletin_TPU/2004/v307/i3/26.pdf |
| フォーマット: | MixedMaterials 電子媒体 図書の章 |
| KOHA link: | https://koha.lib.tpu.ru/cgi-bin/koha/opac-detail.pl?biblionumber=169612 |
MARC
| LEADER | 00000nla2a2200000 4500 | ||
|---|---|---|---|
| 001 | 169612 | ||
| 005 | 20231031163501.0 | ||
| 035 | |a (RuTPU)RU\TPU\book\183973 | ||
| 035 | |a RU\TPU\book\183970 | ||
| 090 | |a 169612 | ||
| 100 | |a 20091116d2004 k y0rusy50 ca | ||
| 101 | 0 | |a rus | |
| 102 | |a RU | ||
| 135 | |a drnn ---uucaa | ||
| 181 | 0 | |a i | |
| 182 | 0 | |a b | |
| 200 | 1 | |a Расчет коррозионных токов для модели заземляющей системы |b Электронный ресурс |f Л. Д. Сафрошкина [и др.] | |
| 203 | |a Текст |c электронный | ||
| 215 | |a 1 файл (969 Кб) | ||
| 225 | 1 | |a Технические науки | |
| 230 | |a Электронные текстовые данные (1 файл : 969 Кб) | ||
| 300 | |a Заглавие с титульного листа | ||
| 300 | |a Электронная версия печатной публикации | ||
| 320 | |a [Библиогр.: с. 113 (2 назв.)] | ||
| 330 | |a Рассматриваются расчетные модели коррозионных токов и потенциалов (напряжений), возникающих при грунтовой (электрохимической) коррозии подземного сооружения, состоящего из металлически связанных между собой горизонтальных и вертикальных линейных элементов с учетом сопротивлений поляризации элементов, их сопротивления растеканию и взаимных сопротивлений. | ||
| 337 | |a Adobe Reader | ||
| 461 | 1 | |0 (RuTPU)RU\TPU\book\176237 |t Известия Томского политехнического университета [Известия ТПУ] |f Томский политехнический университет (ТПУ) |d 2000- | |
| 463 | 1 | |0 (RuTPU)RU\TPU\book\183391 |t Т. 307, № 3 |v [С. 109-113] |d 2004 |p 191 с. | |
| 610 | 1 | |a расчеты | |
| 610 | 1 | |a коррозионные токи | |
| 610 | 1 | |a заземляющие системы | |
| 610 | 1 | |a расчетные модели | |
| 610 | 1 | |a потенциалы | |
| 610 | 1 | |a напряжения | |
| 610 | 1 | |a грунтовые коррозии | |
| 610 | 1 | |a электрохимические коррозии | |
| 610 | 1 | |a подземные сооружения | |
| 610 | 1 | |a линейные элементы | |
| 610 | 1 | |a горизонтальные элементы | |
| 610 | 1 | |a вертикальные элементы | |
| 610 | 1 | |a сопротивления | |
| 610 | 1 | |a поляризация | |
| 610 | 1 | |a растекание | |
| 610 | 1 | |a электронный ресурс | |
| 701 | 1 | |a Сафрошкина |b Л. Д. | |
| 701 | 1 | |a Гунгер |b Ю. Р. | |
| 701 | 1 | |a Дмитриев |b В. Е. | |
| 701 | 1 | |a Демин |b Ю. В. | |
| 801 | 1 | |a RU |b 63413507 |c 20090623 |g PSBO | |
| 801 | 2 | |a RU |b 63413507 |c 20210603 |g PSBO | |
| 856 | 4 | |u http://www.lib.tpu.ru/fulltext/v/Bulletin_TPU/2004/v307/i3/26.pdf | |
| 942 | |c CF | ||